000 00676nam a2200253Ia 4500
001 39494
005 20240114002055.0
007 ta
008 070825s1934 g b000 u 098 u
040 _aCotton College,Assam
041 _a098
082 _a297.01
_bH 18 F
100 _aShahi, Syed Namid .
245 0 _aFilsophen Talim-Ul-Islam /
_cSyed Namid Shahi.
_hTextual Documents
250 _a1st ed. /
260 _aDelhi :
_bImam Maszidzama Zahan Numa ,
_c1934.
300 _a328p. ;
_c22cm.
653 _aReligion-Islam
653 _aIslamic Religion
653 _aG-Arabic & Persian
942 _2ddc
_cBK
999 _c39466
_d39466